| 000 | 00502nam a22001697a 4500 | ||
|---|---|---|---|
| 008 | 220302b |||||||| |||| 00| 0 eng d | ||
| 020 | _a9780030993381 | ||
| 050 | _aPE 112 .R56 2008 | ||
| 100 | _aRinehart, Holt | ||
| 245 |
_a English workshop: _b Complete course/ _c Holt,Rinehart |
||
| 260 |
_aUS: _bPrinceton, _c2008. |
||
| 300 |
_a344P. : _bill. ; _c24cm |
||
| 500 | _aincludes index. | ||
| 650 | _aEnglish Language | ||
| 700 | _aWinston | ||
| 942 |
_2lcc _cBOOKS _hPE 112 .R56 2008 |
||
| 999 |
_c31372 _d31372 |
||